| 000 | 00833nam a2200241 a 4500 | ||
|---|---|---|---|
| 999 |
_c11614 _d11614 |
||
| 001 | 11614 | ||
| 003 | BD-JhCC | ||
| 005 | 20221025134022.0 | ||
| 008 | 200707b20152018bg a|||| ||a| 001 0 ben d | ||
| 020 | _a9789849318675 | ||
| 035 | _a(BD-JhCC)11614 | ||
| 040 |
_aBD-JhCC _dBD-JhCC |
||
| 041 | _aben | ||
| 082 |
_a355.02 _bHOS 2018 |
||
| 100 | _aহোসেন, মোঃ দেলোয়ার | ||
| 245 |
_a আধুনিক দৃষ্টিকোণে মান জু'র:দ্য আর্ট অব এয়ার / _cমোঃ দেলোয়ার হোসেন । |
||
| 260 |
_aঢাকা: _bনালন্দা; _c২০১৮. |
||
| 300 |
_a167 p. : _bill; _c22 cm. |
||
| 610 | _aWar (Philosophy) | ||
| 650 |
_aMilitary art and science _zMilitary history |
||
| 942 |
_2ddc _cBK _04 |
||